A Ética da auto-salvaçao em Plotino (Record no. 699267)
[ view plain ]
| 000 -CABECERA | |
|---|---|
| Campo de control de longitud fija | 00431nab a2200145Ia 4500 |
| 003 - IDENTIFICADOR DEL NÚMERO DE CONTROL | |
| Campo de control | ES-SlBCS |
| 005 - FECHA Y HORA DE LA ÚLTIMA TRANSACCIÓN | |
| Campo de control | 20210601143857.0 |
| 008 - CÓDIGOS DE INFORMACIÓN DE LONGITUD FIJA | |
| Campo de control de longitud fija | 140529s1997 xxu||||| |||| 00| 0 spa d |
| 041 ## - CÓDIGO DE LENGUA | |
| Código de lengua del texto/banda sonora o título independiente | spa |
| 100 1# - PUNTO DE ACCESO PRINCIPAL-NOMBRE DE PERSONA | |
| Nombre de persona | Hryniewicz, Severo |
| 9 (RLIN) | 294298 |
| 245 02 - MENCIÓN DE TÍTULO | |
| Título | A Ética da auto-salvaçao em Plotino |
| Mención de responsabilidad, etc. | Severo Hryniewicz |
| 600 04 - PUNTO DE ACCESO ADICIONAL DE MATERIA-NOMBRE DE PERSONA | |
| Nombre personal | Plotino |
| 9 (RLIN) | 14921 |
| 773 0# - ENLACE AL DOCUMENTO FUENTE | |
| Título | Presença Filosofica |
| Parte(s) relacionada(s) | vol. 22, nº. 1-2, 1997, págs. 25-40 |
| Número de control del registro relacionado | Rev966 |
| 942 ## - ENTRADA DE ELEMENTOS AGREGADOS (KOHA) | |
| Koha [por defecto] tipo de item | Artículos de revista |
| Suprimido | Perdido | Estropeado | No para préstamo | Localización permanente | Localización actual | Localización en estantería | Fecha adquisición | Préstamos totales | Fecha última consulta | Fecha del precio de reemplazo | Tipo de item de Koha |
|---|---|---|---|---|---|---|---|---|---|---|---|
| San Esteban | San Esteban | Depósito de revistas | 11/07/2014 | 11/07/2014 | 11/07/2014 | Artículos de revista |
